| 000 | 00478cam a22001577a 4500 | ||
|---|---|---|---|
| 008 | 180718b1962 xxu||||| |||| 00| 0 eng d | ||
| 082 | _aA6x5406 H977 | ||
| 100 | _aHuttenback, Robert A. | ||
| 245 |
_aBritish relations with Sind, 1799-1843: an anatomy of imperialism _cby Robert A. Huttenback |
||
| 260 |
_aBerkeley _bUniv. of Calif. Press _c1962 |
||
| 300 | _a161p. | ||
| 440 | _abibl. | ||
| 500 | _a$4.00 | ||
| 650 | _aSind - History | ||
| 650 | _aIndia - History - 1600-1857 | ||
| 999 |
_c369016 _d369016 |
||